000 00554cam a22002291 4500
001 sa 67005445
003 DLC
005 20260227112357.0
008 890628s1965 ii 000 0 maro
010 _asa 67005445
035 _a(OCoLC)19943825
040 _aDLC
_cWaU
_dDLC
042 _apremarc
043 _aa-ii---
050 0 0 _aPN5379.G6
_bN3
100 1 _aNaik, Narayan Bhaskar,
_d1899-
245 1 0 _aGomāntakīya niyatakālikē.
260 _c1965.
300 _a100 p.
_c22 cm.
500 _aIn Marathi.
650 0 _aPeriodicals
_zGoa.
999 _c75211
_d75211